| 000 | 00332nam a22001217a 4500 | ||
|---|---|---|---|
| 008 | 230606b xxu||||| |||| 00| 0 eng d | ||
| 082 |
_a342.54 _bIND |
||
| 245 |
_aThe Constitution Of India _cLok Sabha Secretariat |
||
| 260 |
_aIndia _bLok Sabha Secretariat _c2006 |
||
| 300 | _a443 p | ||
| 710 | _bLok Sabha Secretariat | ||
| 942 |
_2ddc _cBK |
||
| 999 |
_c592 _d592 |
||